ARRUPE JESUIT UNIVERSITY

CORONAVIRUS -STOP THE SPREAD - CLEAN,DISINFECT,COVER

Leviticus (Record no. 121321)

MARC details
000 -LEADER
fixed length control field 00361nam a22001337a 4500
005 - DATE AND TIME OF LATEST TRANSACTION
control field 20141126130822.0
008 - FIXED-LENGTH DATA ELEMENTS--GENERAL INFORMATION
fixed length control field 141126b xxu||||| |||| 00| 0 eng d
050 ## - LIBRARY OF CONGRESS CALL NUMBER
Classification number BS1255.3
Item number R129 2008
100 ## - MAIN ENTRY--PERSONAL NAME
Personal name Radner, Ephraim
9 (RLIN) 12873
245 ## - TITLE STATEMENT
Title Leviticus
Statement of responsibility, etc Radner, Ephraim
260 ## - PUBLICATION, DISTRIBUTION, ETC. (IMPRINT)
Place of publication, distribution, etc London
Name of publisher, distributor, etc SCM Press
Date of publication, distribution, etc 2008
300 ## - PHYSICAL DESCRIPTION
Extent 320p.;
Dimensions 24cm.
942 ## - ADDED ENTRY ELEMENTS (KOHA)
Source of classification or shelving scheme Library of Congress Classification
Item type Monograph ( Printed materials)
Holdings
Withdrawn status Lost status Source of classification or shelving scheme Damaged status Not for loan Collection code Home library Current library Shelving location Date acquired Total Checkouts Full call number Barcode Date last seen Price effective from Koha item type
    Library of Congress Classification     Main Collection ARRUPE LIBRARY ARRUPE LIBRARY Main Collection 26/11/2014   BS1255.3 R129 2008 46500001209 26/11/2014 26/11/2014 Monograph ( Printed materials)

 

Arrupe Library. PO Box MP320 Mt Pleasant, Harare, Zimbabwe
263 242 745411|librarian@aju.ac.zw